000 00781nam a22002177a 4500
003 UA-OsUOA
001 113630
007 ta
008 20150922b un ||||| |||| 00| 0 ukr d
100 _aБазиль Л.
090 _a81
_bБ17
942 _cSA
040 _aUA-OsUOA
_bukr
_cUA-OsUOA
_dUA-OsUOA
245 _aРозвиток літературознавчої компетентності вчителів-словесників у контексті інноваційного поступу вітчизняного освітнього простору
300 _aС.16-23
955 _a0
041 _aukr
080 _a81
773 0 _w113629
650 7 _a8 Мовознавство. Художня література. Літературознавство
_2UDC
999 _c399628
_d399628